Statistics for Persona 5 Main Characters Quiz

Click here to take the quiz!

General Stats

  • This quiz has been taken 45 times
  • The average score is 7 of 10

Answer Stats

Character% Correct
Makoto Niijima
88%
Ryuji Sakamoto
85%
Futaba Sakura
82%
Ann Takamaki
79%
Morgana
79%
Ren Amamiya
71%
Haru Okumura
65%
Goro Akechi
62%
Yusuke Kitagawa
62%
Sumire Yoshizawa
29%

Score Distribution

Percentile by Number Answered

Percent of People with Each Score

Your Score History

You have not taken this quiz